| 000 | 00428cam a22001694a 4500 | ||
|---|---|---|---|
| 005 | 20250605164345.0 | ||
| 008 | 250528s ||||||||||||||||||||||||d | ||
| 035 | _a23851 | ||
| 040 |
_aGR-AtMCL _bgre _dGR-AtMCL _eAACR2 |
||
| 245 | 1 | _aConvention on the Rights of the Child | |
| 260 |
_aNew York, NY, _c1991 |
||
| 300 | _a54 | ||
| 710 | 2 |
_aUnited Nations _99734 |
|
| 942 | _cCR | ||
| 999 |
_c8776 _d8776 |
||